000 00492nam a2200193 a 4500
001 1763961452570
003 YourLibrary
005 20251124104853.0
008 251124s2010##################000#0#eng##
020 _a9780123756824
082 0 4 _a616.02774
_bCAR
100 1 _aCarlson, Bruce M.,
_eauthor.
245 1 0 _aStem Cell Anthology :
260 _bAcademic Press,
_c2010.
300 _a402 pages
650 0 _aScience.
942 _cENGLISH
040 _aYourLibrary
_beng
_cYourLibrary
999 _c598543
_d598543